Klasický makroekonomický model

Formulácia a riešenie klasického makroekonomického modelu. V modeli sa objavujú nasledovné makroekonomické agregáty: nominálny a reálny dôchodok, nominálna a reálna mzdová sadzba, cenová úroveň, zamestnanosť a úroková miera. Sú študované tri krivky: trh práce, trh peňazí a trh výrobkov. Na každom tr...

Description complète

Enregistré dans:
Détails bibliographiques
Auteur principal: Jurga, Rastislav
Format: Chapitre de livre
Langue:slovaque
Sujets:
Tags: Ajouter un tag
Pas de tags, Soyez le premier à ajouter un tag!

MARC

LEADER 00000naa$a2200000$$$4500
001 0051414
005 20240502071612.1
041 0 |a slo 
044 |a SK 
245 1 0 |a Klasický makroekonomický model  |c Rastislav Jurga 
520 |a Formulácia a riešenie klasického makroekonomického modelu. V modeli sa objavujú nasledovné makroekonomické agregáty: nominálny a reálny dôchodok, nominálna a reálna mzdová sadzba, cenová úroveň, zamestnanosť a úroková miera. Sú študované tri krivky: trh práce, trh peňazí a trh výrobkov. Na každom trhu je určená ponuková a dopytová funkcia a sú nájdené rovnovážne hodnoty uvažovaných premenných, ktoré sú podmienkami, ktoré spĺňajú jednotlivé funkcie určené jednoznačne. 
610 2 0 |a modely makroekonomické 
610 2 0 |a miera úroková 
610 2 0 |a trh práce 
610 2 0 |a príjmy nominálne 
610 2 0 |a príjmy reálne 
610 2 0 |a analýza trhu 
100 1 |a Jurga, Rastislav